LEADER 01651nam a2200301 i 4500 001 000000213725 003 CaOOAMICUS 005 20220203114911.0 008 120605s1711 ne u000 u lat u 013 $a192580 026 $a*-n- ude- i.m- cequ (3) 1711 (R) - [*= nesso ae] 040 $aSeMil$bita 100 1 $aAeschines,$d<390-314 a.C.>.$0(OLS)http://semarc/name/9211 245 10$aAeschinis Socratici Dialogi tres Graece et Latine, ad quos accessit quarti Latinum fragmentum. Vertit et notis illustravit Joannes Clericus; cujus & ad calcem additae sunt Silvae philologicae .. 260 $aAmstelodami :$bApud Petrum de Coup bibliopolam,$c1711. 300 $a[16], 40, 275, [13] p. ;$c8°. 500 $aFront stampato in rosso e nero. - Marca tip. calcogr. sul front. 500 $aMarca n.c. 500 $aSegn.: *-3*8 4*4 A-S8 563 $aLeg. coeva in mz. pelle su supporto cartonato con vignetta in oro entro cornice su entrambi i piatti 700 1 $aLe Clerc, Jean ,$d<1657-1736>.$0(OLS)http://semarc/name/11717 700 1 $aCoup, Pieter : de,$c.$0(OLS)http://semarc/name/25392 850 $aSeMil 852 $aSeMil$W1$xVenegono$y1$m1Z II 52 FA$j164153$B164153$CSeMilBibl$Z2$F175201 $8I 961 $aOmaggio: Stoppani Pietro 996 $6245$aAeschinis Socratici Dialogi tres Graece et Latine, ad quos accessit quarti Latinum fragmentum. Vertit et notis illustravit Joannes Clericus; cujus & ad calcem additae sunt Silvae philologicae ..$9(OLS)http://semarc/title/308072 996 $6260$aAmstelodami :$bApud Petrum de Coup bibliopolam$9(OLS)http://semarc/publisher/52792 LEADER 00786nam a2200193 i 4500 001 000000214833 003 CaOOAMICUS 005 20120806000000.0 008 120806s1905 it u000 u ger u 013 $a193705 040 $aSeMil$bita 245 10$aTopographie von Athen /$cvon Walther Judeich. 300 $aXI, 416 p. :$bill. 650 4$aAtene - Antichità.$0(OLS)http://semarc/subject/40063 650 4$aAtene - Descrizioni e viaggi.$0(OLS)http://semarc/subject/40064 773 0 $tHandbuch der klassischen Altertums-Wissenschaft.$dMünchen : C. H. Beck'sche Verlagsbuchhandlung, 1886.$gBd.3$w()27185 850 $aSeMil 852 $aSeMil$W1$xVenegono$y1$m1Y IV 25 FA$j165254$B165254$CSeMilBibl$Z2$F176257 $8I 996 $6245$aTopographie von Athen$9(OLS)http://semarc/title/309504